01188cam a2200229 i 4500008004100000020002200041245012700063250001200190260006300202300002900265500020800294650005700502650005800559650005100617700002300668700002500691710004000716710017500756003000100931005001700932040000900949  a0875530877 (hbk.)00aDiagnostic procedures for viral, rickettsial and chlamydial infections /cEdwin H. Lennette, Nathalie J. Schmidt, editors. a5th ed. aWashington,DC :bAmerican Public Health Ass0ciation,c1979 a1138 p. :bill. ;c? cm. aEarlier ed., by the American Public Health Association's Subcommittee on Diagnostic Procedures for Viral and Rickettsial Infections, has title: Diagnostic procedures for viral and rickettsial infections. 2aChlamydia Infectionsxdiagnosisvlaboratory manuals. 2aRickettsia Infectionsxdiagnosisvlaboratory manuals. 2aVirus Diseasesxdiagnosisvlaboratory manuals.1 aLennette, Edwin H.1 aSchmidt, Nathalie J.2 aAmerican Public Health Association.2 aAmerican Public Health AssociationSubcommittee on Diagnostic Procedures for Viral and Rickettsial Infections.tDiagnostic procedures for viral and rickettsial infections.20230123134326.0 cNUST